Представление документа в формате RUSMARC

ПолеНазваниеЗначение
  Тип записи a
  Библиографический уровень a
001 Контрольный номер UONB/MAIN/037a8e3879b54feaa50301098e4c5554
005 Дата корректировки 20260305121914.1
100 Данные общей обработки __
a Данные общей обработки 20260305 ||| 0rusy0189 ca
101 Язык документа 0_
a Язык текста rus
102 Страна публикации __
a Страна публикации RU
200 Заглавие и сведения об ответственности 1_
a Заглавие Урок мужества от ветеранов боевых действий...
f Первые сведения об ответственности Н. Нестерова
203 Вид содержания и тип средства __
a Вид содержания Текст
b Характеристика содержания визуальный
c Тип средства непосредственный
215 Физическое описание __
c Иллюстрации/тип воспроизводства ил., портр.
330 Аннотация __
a Аннотация В Сенгилеевском педагогическом техникуме прошла встреча с ветеранами боевых действий.
461 Уровень набора _0
1 2000
a Волжские зори
463 Уровень физической единицы _0
1 2000
a № 9 (7159) (27 февраля)
v С. 4
1 2101
d 2026
1 001UONB/MAIN/a202845f99344b6a8a677e663209bb52
600 Персоналии _1
a Персоналии (Фамилия) Фомин
b Персоналии (Имя, инициалы) С. А.
g Полное имя Сергей Анатольевич
600 Персоналии _1
a Персоналии (Фамилия) Рябинов
b Персоналии (Имя, инициалы) А.
g Полное имя Александр
601 Наименование организации как предмет 02
a Наименование организации как предмет Сенгилеевский педагогический техникум
607 Географические рубрики __
a Географическое наименование Сенгилей, город (Сенгилеевский район ; Ульяновская область)
610 Ключевые слова 0_
a Ключевые слова встречи с военными; встречи с ветеранами; участники боевых действий; патриотическое воспитание студентов; уроки мужества
686 Индексы других классификаций __
2 Код системы rubbk
a Классификационный индекс 68.42
686 Индексы других классификаций __
2 Код системы rubbk
a Классификационный индекс 68.49
700 Автор _1
a Фамилия Нестерова
b Имя (инициалы) Н.
801 Источник записи _0
a Страна RU
b Организация Ульяновская ОНБ
c Дата составления 20260305
g Правила каталогизации RCR
801 Источник записи _1
a Страна RU
b Организация Ульяновская ОНБ
c Дата составления 20260305
g Правила каталогизации RCR
901 Тип документа __
t Тип документа f
w Контрольный № источника UONB/MAIN/a202845f99344b6a8a677e663209bb52
909 Создатель записи __
a Создатель записи Мухаметжанова
b Дата создания записи 20260305